[Event "Stone Flower 14th"]
[Site "Nizhnij Tagil"]
[Date "2013.11.30"]
[Round "3"]
[White "Nurtdinov, Radik"]
[Black "Pogromsky, Mikhail"]
[Result "0-1"]
[WhiteElo "2119"]
[BlackElo "2411"]
[PlyCount "110"]
[EventDate "2013.11.28"]
[EventType "tourn"]
[EventRounds "9"]
[EventCountry "RUS"]
[EventCategory "1"]
[SourceTitle "EXT 2015"]
[Source "ChessBase"]
[SourceDate "2014.11.20"]
[SourceVersion "1"]
[SourceVersionDate "2014.11.20"]
[SourceQuality "1"]

1. e4 c5 2. Nf3 d6 3. d4 cxd4 4. Nxd4 Nf6 5. Nc3 a6 6. Be2 g6 7. Be3 Bg7 8. 0-0 0-0 9. a4 Nc6 10. Qd3 Ng4 11. Bxg4 Bxg4 12. Nd5 Be6 13. a5 Bxd5 14. exd5 Nxd4 15. Bxd4 Bxd4 16. Qxd4 Qc7 17. c4 Rfc8 18. b3 Qc5 19. Qe4 Qb4 20. Qe3 Rc7 21. Rfd1 Re8 22. Rd3 e5 23. dxe6 Rxe6 24. Qd2 Qxd2 25. Rxd2 Kf8 26. Rad1 Ke7 27. Kf1 Rc5 28. Rd5 Rxd5 29. Rxd5 Kd7 30. Rd3 Re5 31. b4 Re4 32. Rc3 f6 33. f3 Rd4 34. Ke2 Kc6 35. Ke3 Rd1 36. Rb3 Ra1 37. Kd4 Ra2 38. b5+ Kc7 39. bxa6 bxa6 40. Rb6 Rxa5 41. Rb2 Kc6 42. Re2 Re5 43. Ra2 a5 44. f4 Rc5 45. g3 d5 46. cxd5+ Rxd5+ 47. Kc4 Rc5+ 48. Kd4 Rb5 49. Re2 Kd6 50. Kc3 a4 51. Re8 Rh5 52. Kb4 Rxh2 53. Kxa4 Rh3 54. Rh8 Rxg3 55. f5 Rg5 0-1

[Event "Gornozavodsk-ch 8th okrug op"]
[Site "Nizhnij Tagil"]
[Date "2007.07.31"]
[Round "7"]
[White "Bogomolov, Alexey"]
[Black "Nurtdinov, Radik"]
[Result "0-1"]
[WhiteElo "2255"]
[BlackElo "2105"]
[PlyCount "60"]
[EventDate "2007.07.24"]
[EventType "swiss"]
[EventRounds "9"]
[EventCountry "RUS"]
[SourceTitle "EXT 2022"]
[Source "ChessBase"]
[SourceDate "2021.10.06"]
[SourceVersion "1"]
[SourceVersionDate "2021.10.06"]
[SourceQuality "1"]

1. e4 c5 2. Nf3 e6 3. d4 cxd4 4. Nxd4 a6 5. Bd3 Qc7 6. 0-0 Nf6 7. Qe2 Bd6 8. g3 Nc6 9. Nxc6 dxc6 10. Nd2 b5 11. a4 Rb8 12. c4 bxa4 13. Rxa4 e5 14. Qe3 Ng4 15. Qf3 Bc5 16. Bc2 Bb4 17. Nb3 c5 18. Qe2 Nf6 19. f4 Bh3 20. Rf2 Ng4 21. Rf3 a5 22. Rd3 0-0 23. Rd5 Rbd8 24. Nd2 Rxd5 25. exd5 exf4 26. d6 Qxd6 27. Qe4 f5 28. Qxf4 Qxf4 29. gxf4 Re8 30. Nf3 Re2 0-1

[Event "Gornozavodsk-ch 8th okrug op"]
[Site "Nizhnij Tagil"]
[Date "2007.07.26"]
[Round "3"]
[White "Marchenko, Andrey"]
[Black "Nurtdinov, Radik"]
[Result "1/2-1/2"]
[WhiteElo "1878"]
[BlackElo "2105"]
[PlyCount "105"]
[EventDate "2007.07.24"]
[EventType "swiss"]
[EventRounds "9"]
[EventCountry "RUS"]
[SourceTitle "EXT 2022"]
[Source "ChessBase"]
[SourceDate "2021.10.06"]
[SourceVersion "1"]
[SourceVersionDate "2021.10.06"]
[SourceQuality "1"]

1. e4 c5 2. c3 Nf6 3. e5 Nd5 4. d4 cxd4 5. cxd4 d6 6. exd6 e6 7. Nc3 Bxd6 8. Bb5+ Bd7 9. Bxd7+ Qxd7 10. Nf3 0-0 11. 0-0 Nxc3 12. bxc3 Nc6 13. Be3 Rac8 14. Qd3 Bb8 15. Ng5 f5 16. Rad1 h6 17. Nf3 f4 18. Bc1 Rf5 19. Rfe1 g5 20. Qe4 Kf7 21. c4 Ne7 22. d5 exd5 23. cxd5 Ng6 24. Bb2 Re8 25. Qd4 Be5 26. Nxe5+ Rfxe5 27. Rxe5 Rxe5 28. d6 Qe6 29. Bc3 Qd7 30. h3 f3 31. Qc4+ Re6 32. Qd5 fxg2 33. Qd3 Kg8 34. Qd4 Ne5 35. Kxg2 Qc6+ 36. Qd5 Qxd5+ 37. Rxd5 Nd7 38. Bb4 Re4 39. Rb5 b6 40. Ba3 Kf7 41. Rb3 Ke6 42. Kf3 Rf4+ 43. Kg2 Rf7 44. Re3+ Kd5 45. Kg3 Ne5 46. f3 b5 47. h4 a5 48. hxg5 hxg5 49. Rb3 b4 50. Bc1 Rg7 51. a3 Kxd6 52. axb4 axb4 53. Rxb4 1/2-1/2

[Event "Gornozavodsk-ch 8th okrug op"]
[Site "Nizhnij Tagil"]
[Date "2007.07.25"]
[Round "2"]
[White "Nurtdinov, Radik"]
[Black "Shestakov, Dmitry"]
[Result "0-1"]
[WhiteElo "2105"]
[BlackElo "2335"]
[PlyCount "126"]
[EventDate "2007.07.24"]
[EventType "swiss"]
[EventRounds "9"]
[EventCountry "RUS"]
[SourceTitle "EXT 2022"]
[Source "ChessBase"]
[SourceDate "2021.10.06"]
[SourceVersion "1"]
[SourceVersionDate "2021.10.06"]
[SourceQuality "1"]

1. e4 c5 2. Nc3 Nc6 3. g3 g6 4. Bg2 Bg7 5. d3 d6 6. Be3 e6 7. Qd2 Nge7 8. f4 0-0 9. Nh3 Rb8 10. 0-0 b5 11. Nd1 b4 12. c3 bxc3 13. bxc3 Qa5 14. Ng5 d5 15. Nf3 d4 16. cxd4 Qxd2 17. Nxd2 cxd4 18. Bf2 Ba6 19. Nc4 Nb4 20. Ndb2 Bxc4 21. Nxc4 Nxd3 22. Rfd1 Nxf2 23. Kxf2 Rfc8 24. Rac1 Rc5 25. e5 Nd5 26. Rxd4 Bf8 27. Rd2 Rbc8 28. Bf1 R5c6 29. Rdc2 Nb4 30. Rd2 Nd5 31. Rdc2 Nb4 32. Rd2 Ra6 33. Ra1 Bc5+ 34. Kg2 Rf8 35. Nd6 Ra3 36. Ne4 Be3 37. Re2 Nd5 38. Rd1 Kg7 39. Rb1 Bxf4 40. gxf4 Nxf4+ 41. Kf2 Nxe2 42. Bxe2 Ra5 43. Bb5 Rb8 44. Bd3 Rxb1 45. Bxb1 Rxe5 46. Bc2 f5 47. Ng5 h6 48. Nf3 Rb5 49. Bb3 e5 50. h4 Kf6 51. Ke2 g5 52. hxg5+ hxg5 53. Nd2 g4 54. Ke3 Rb8 55. Nc4 Rh8 56. Kf2 Rh2+ 57. Kg3 Rh3+ 58. Kg2 e4 59. Nb2 f4 60. Nd1 e3 61. Kf1 Rh2 62. Nc3 Ke5 63. Bd1 f3 0-1

[Event "RUS-ch sf Urals 60th"]
[Site "Nizhnij Tagil"]
[Date "2007.03.21"]
[Round "8"]
[White "Nurtdinov, Radik"]
[Black "Yaschenko, Yury"]
[Result "1-0"]
[WhiteElo "2086"]
[BlackElo "2076"]
[PlyCount "59"]
[EventDate "2007.03.14"]
[EventType "swiss"]
[EventRounds "9"]
[EventCountry "RUS"]
[SourceTitle "CBM 117 Extra"]
[Source "ChessBase"]
[SourceDate "2007.05.09"]
[SourceVersion "1"]
[SourceVersionDate "2007.05.09"]
[SourceQuality "1"]

1. e4 d6 2. d4 Nf6 3. Nc3 g6 4. f3 Nbd7 5. Be3 Bg7 6. Qd2 0-0 7. 0-0-0 c6 8. e5 Ne8 9. f4 b5 10. Nf3 e6 11. h4 Qa5 12. Kb1 Nb6 13. b3 Bb7 14. h5 Rd8 15. hxg6 hxg6 16. Nd5 Qxa2+ 17. Kxa2 Nxd5 18. Bd3 b4 19. Rde1 Nc3+ 20. Kb2 c5 21. Qf2 f6 22. Bxg6 fxe5 23. Qh4 Rf6 24. fxe5 dxe5 25. dxe5 Nb5 26. Bxe8 Rxf3 27. Qxd8 Bxe5+ 28. Kc1 Rf8 29. Qe7 Be4 30. Qxe6+ 1-0

[Event "RUS-ch sf Urals 60th"]
[Site "Nizhnij Tagil"]
[Date "2007.03.19"]
[Round "6"]
[White "Nurtdinov, Radik"]
[Black "Kolomensky, Vladimir"]
[Result "0-1"]
[WhiteElo "2086"]
[BlackElo "2257"]
[PlyCount "90"]
[EventDate "2007.03.14"]
[EventType "swiss"]
[EventRounds "9"]
[EventCountry "RUS"]
[SourceTitle "CBM 117 Extra"]
[Source "ChessBase"]
[SourceDate "2007.05.09"]
[SourceVersion "1"]
[SourceVersionDate "2007.05.09"]
[SourceQuality "1"]

1. e4 c5 2. Nc3 e6 3. g3 d5 4. d3 d4 5. Nce2 Nc6 6. Bg2 e5 7. f4 Bd6 8. Nf3 Nge7 9. f5 g6 10. g4 gxf5 11. gxf5 Rg8 12. Ng3 f6 13. Nh4 Kd7 14. Bh6 Qe8 15. Bf3 Nd8 16. Bh5 Nf7 17. c3 Nc6 18. Qb3 Ncd8 19. Rc1 Qe7 20. Bd2 b6 21. Qa4+ Nc6 22. b4 dxc3 23. Rxc3 Bb7 24. bxc5 Bxc5 25. Nf3 Bb4 26. Rc4 Bxd2+ 27. Kxd2 Nd6 28. Rc3 Rgc8 29. Rhc1 b5 30. Qc2 Qg7 31. Ne2 Qh6+ 32. Ke1 Qxh5 33. Kf2 Qf7 34. Ke3 Nb4 35. Rc7+ Kd8 36. Rxf7 Nxc2+ 37. Rxc2 Nxf7 38. Rb2 Nd6 39. Ng3 Ke7 40. Nh5 Bc6 41. h3 Be8 42. Ng3 a5 43. h4 b4 44. Nh2 Rc3 45. Ne2 Nc4+ 0-1

[Event "RUS-ch sf Urals 60th"]
[Site "Nizhnij Tagil"]
[Date "2007.03.18"]
[Round "5"]
[White "Berezov, Vladimir"]
[Black "Nurtdinov, Radik"]
[Result "1/2-1/2"]
[WhiteElo "2235"]
[BlackElo "2086"]
[PlyCount "157"]
[EventDate "2007.03.14"]
[EventType "swiss"]
[EventRounds "9"]
[EventCountry "RUS"]
[SourceTitle "CBM 117 Extra"]
[Source "ChessBase"]
[SourceDate "2007.05.09"]
[SourceVersion "1"]
[SourceVersionDate "2007.05.09"]
[SourceQuality "1"]

1. c4 Nf6 2. Nc3 e6 3. d4 d5 4. e3 c6 5. Nf3 Nbd7 6. Bd3 Be7 7. 0-0 dxc4 8. Bxc4 b5 9. Bd3 a6 10. e4 0-0 11. Bg5 c5 12. e5 Nd5 13. Bxe7 Qxe7 14. Nxd5 exd5 15. Re1 c4 16. Bc2 Nb6 17. h3 Bd7 18. Qd2 Kh8 19. Re3 b4 20. Rae1 Bb5 21. Bb1 c3 22. bxc3 Nc4 23. Qc2 g6 24. R3e2 Na3 25. Qb3 Bxe2 26. Rxe2 Nxb1 27. cxb4 Rfc8 28. Qxb1 Rc4 29. a3 Rac8 30. Qb2 Qd7 31. Kh2 Qf5 32. Qd2 Rc2 33. Qe3 Rxe2 34. Qxe2 Rc3 35. Qd2 Rxa3 36. b5 axb5 37. Qb4 Ra8 38. Qb3 Qe4 39. Kg3 g5 40. Kh2 b4 41. Qxb4 Qf4+ 42. Kg1 Kg7 43. Qb2 Ra4 44. Kf1 h5 45. e6 fxe6 46. Qb7+ Kf6 47. Qc8 Ra1+ 48. Ne1 Kf5 49. Qd7 Rxe1+ 50. Kxe1 Qc1+ 51. Ke2 Qc2+ 52. Ke1 Qc3+ 53. Ke2 Qc4+ 54. Ke3 Qc3+ 55. Ke2 Qc2+ 56. Ke1 Qe4+ 57. Kf1 Kf4 58. g3+ Kf3 59. Qf7+ Qf5 60. Qxh5+ Ke4 61. Qh8 Kf3 62. Qh5+ Ke4 63. Qh8 Kd3 64. h4 gxh4 65. Qxh4 Qe4 66. Qh8 Qf3 67. Qh6 Kxd4 68. Qd2+ Qd3+ 69. Ke1 Qxd2+ 70. Kxd2 Ke4 71. Ke2 d4 72. f3+ Kd5 73. Kd3 e5 74. g4 Ke6 75. Ke4 Kf6 76. f4 exf4 77. Kxf4 d3 78. Ke3 Kg5 79. Kxd3 1/2-1/2

[Event "RUS-ch sf Urals 60th"]
[Site "Nizhnij Tagil"]
[Date "2007.03.15"]
[Round "2"]
[White "Nurtdinov, Radik"]
[Black "Matvienko, Ivan"]
[Result "0-1"]
[WhiteElo "2086"]
[BlackElo "2192"]
[PlyCount "70"]
[EventDate "2007.03.14"]
[EventType "swiss"]
[EventRounds "9"]
[EventCountry "RUS"]
[SourceTitle "CBM 117 Extra"]
[Source "ChessBase"]
[SourceDate "2007.05.09"]
[SourceVersion "1"]
[SourceVersionDate "2007.05.09"]
[SourceQuality "1"]

1. e4 e5 2. Nf3 Nc6 3. Bb5 a6 4. Ba4 Nf6 5. 0-0 Be7 6. Re1 b5 7. Bb3 0-0 8. c3 d5 9. exd5 Nxd5 10. Nxe5 Nxe5 11. Rxe5 c6 12. d4 Bd6 13. Re1 Qh4 14. g3 Qh3 15. Qf3 Bg4 16. Qg2 Qh5 17. Bxd5 cxd5 18. f4 Rae8 19. Be3 Bh3 20. Qf2 g5 21. Nd2 f6 22. Nb3 Re4 23. Nc5 Bxc5 24. dxc5 Rfe8 25. fxg5 fxg5 26. Bd4 Rf8 27. Qd2 h6 28. Rxe4 dxe4 29. Qe3 Qg4 30. c6 Rf3 31. Qd2 Qf5 32. Qe2 e3 33. Re1 Rf2 34. Qd1 Qe4 35. Qb3+ Kh7 0-1